[Event "11. Villa de Coria del Rio"]
[Site "Coria del Río ESP"]
[Date "2005.02.13"]
[Round "4"]
[White "Ivanov, Jordan"]
[Black "Campora, Daniel H"]
[Result "0-1"]
[WhiteElo "2354"]
[BlackElo "2529"]
[PlyCount "102"]
[EventDate "2005.02.07"]
[EventType "swiss"]
[EventRounds "9"]
[EventCountry "ESP"]
[Source "lmi"]
[SourceDate "2005.02.18"]

1. d4 Nf6 2. c4 d6 3. Nf3 c6 4. Nc3 Bg4 5. e4 Nbd7 6. Be2 e5 7. Be3 Be7 8. O-O
O-O 9. d5 cxd5 10. cxd5 Bxf3 11. Bxf3 Qb8 12. a4 Rc8 13. Bg4 Nxg4 14. Qxg4 Nf6
15. Qe2 Bd8 16. f3 Ba5 17. Nb5 a6 18. Na3 Nd7 19. Rfc1 Rxc1+ 20. Rxc1 Qd8 21.
Kf1 h6 22. Qc4 Nb6 23. Qb3 Rc8 24. Nc4 Nxc4 25. Rxc4 Kh7 26. Bb6 Bxb6 27. Rxc8
Qxc8 28. Qxb6 Qc1+ 29. Kf2 Qd2+ 30. Kf1 f5 31. Qxd6 Qd1+ 32. Kf2 Qd4+ 33. Kf1
fxe4 34. fxe4 Qxe4 35. Qe6 Qb1+ 36. Kf2 Qxb2+ 37. Kf3 Qc3+ 38. Kg4 Qc4+ 39. Kh3
Qd3+ 40. g3 b5 41. axb5 axb5 42. Qxe5 b4 43. d6 b3 44. Kg4 Qd1+ 45. Kh3 Qd3 46.
Kg4 Qc2 47. Qd5 b2 48. d7 b1=Q 49. d8=Q Qe2+ 50. Qf3 Qbe4+ 51. Kh3 Qe6+ 0-1

[Event "11. Villa de Coria del Rio"]
[Site "Coria del Río ESP"]
[Date "2005.02.13"]
[Round "4"]
[White "Belezky, Sasha"]
[Black "Barria, Daniel"]
[Result "1/2-1/2"]
[WhiteElo "2399"]
[BlackElo "2349"]
[PlyCount "35"]
[EventDate "2005.02.07"]
[EventType "swiss"]
[EventRounds "9"]
[EventCountry "ESP"]
[Source "lmi"]
[SourceDate "2005.02.18"]

1. e4 e5 2. Nf3 Nf6 3. Nxe5 d6 4. Nf3 Nxe4 5. Nc3 Nxc3 6. dxc3 Be7 7. Be3 O-O
8. Qd2 Nd7 9. O-O-O Nf6 10. h3 Re8 11. Bd3 d5 12. c4 dxc4 13. Bxc4 Qxd2+ 14.
Rxd2 Bd6 15. Rdd1 a6 16. Bb3 Be6 17. Bxe6 Rxe6 18. Nd4 1/2-1/2

[Event "11. Villa de Coria del Rio"]
[Site "Coria del Río ESP"]
[Date "2005.02.13"]
[Round "4"]
[White "Carrabeo Garcia, Manuel"]
[Black "Kononenko, Tatiana"]
[Result "1/2-1/2"]
[WhiteElo "2108"]
[BlackElo "2374"]
[PlyCount "82"]
[EventDate "2005.02.07"]
[EventType "swiss"]
[EventRounds "9"]
[EventCountry "ESP"]
[Source "lmi"]
[SourceDate "2005.02.18"]

1. d4 d5 2. Nf3 Nf6 3. Bf4 c5 4. e3 Nc6 5. c3 Qb6 6. Na3 a6 7. Rb1 Bf5 8. Bd3
Bxd3 9. Qxd3 e6 10. O-O c4 11. Qc2 Be7 12. h3 O-O 13. Ne5 Rfc8 14. f3 Qd8 15.
e4 Nxe5 16. Bxe5 b5 17. Qd2 Qd7 18. Nc2 a5 19. Ne3 b4 20. Bxf6 Bxf6 21. e5 Be7
22. f4 Ra6 23. Qe2 Rb6 24. f5 exf5 25. Qf3 Rd8 26. Nxf5 Rg6 27. Qxd5 Qxd5 28.
Nxe7+ Kf8 29. Nxd5 Rxd5 30. Rf4 Rb6 31. Rbf1 Rb7 32. Rf5 a4 33. e6 Rxf5 34.
Rxf5 a3 35. Rf2 axb2 36. Rxb2 fxe6 37. cxb4 c3 38. Rf2+ Ke7 39. Rc2 Rxb4 40.
Rxc3 Rxd4 41. Rc2 Ra4 1/2-1/2

[Event "11. Villa de Coria del Rio"]
[Site "Coria del Río ESP"]
[Date "2005.02.13"]
[Round "4"]
[White "Razmyslov, Alexander"]
[Black "Romero Romero, Sebastian"]
[Result "1-0"]
[WhiteElo "2307"]
[BlackElo "2049"]
[PlyCount "51"]
[EventDate "2005.02.07"]
[EventType "swiss"]
[EventRounds "9"]
[EventCountry "ESP"]
[Source "lmi"]
[SourceDate "2005.02.18"]

1. Nf3 Nf6 2. g3 d5 3. Bg2 Bf5 4. c4 c6 5. d4 e6 6. Nc3 Be7 7. O-O h6 8. Ne5
O-O 9. b3 Nbd7 10. Bb2 Qc7 11. Nd3 Rad8 12. Rc1 dxc4 13. bxc4 Qb6 14. e4 Bh7
15. Re1 Ne8 16. Na4 Qa6 17. Qb3 b5 18. cxb5 cxb5 19. Nac5 Qb6 20. Nxd7 Rxd7 21.
Ne5 Rc7 22. Rxc7 Nxc7 23. Rc1 Qb7 24. Nc6 Re8 25. d5 Bf8 26. d6 1-0

[Event "11. Villa de Coria del Rio"]
[Site "Coria del Río ESP"]
[Date "2005.02.13"]
[Round "4"]
[White "Ballesteros Borondo, Victor"]
[Black "Barrero Garcia, Carlos"]
[Result "0-1"]
[WhiteElo "1896"]
[BlackElo "2292"]
[PlyCount "74"]
[EventDate "2005.02.07"]
[EventType "swiss"]
[EventRounds "9"]
[EventCountry "ESP"]
[Source "lmi"]
[SourceDate "2005.02.18"]

1. e4 e6 2. Nf3 d5 3. e5 Bd7 4. d4 c5 5. c3 Qb6 6. Be3 Qxb2 7. Nbd2 Qxc3 8. Rc1
Qa3 9. dxc5 Nc6 10. Nb3 Nge7 11. Nfd4 Nxd4 12. Nxd4 Qb4+ 13. Qd2 Qxd2+ 14. Bxd2
Nc6 15. Nb5 Rc8 16. f4 f6 17. Nd6+ Bxd6 18. exd6 b6 19. cxb6 axb6 20. Bb5 Na7
21. Ba6 Rxc1+ 22. Bxc1 Bb5 23. Bxb5+ Nxb5 24. Be3 Kd7 25. Kd2 Ra8 26. Ra1 Nxd6
27. a4 b5 28. a5 Rxa5 29. Rxa5 Nc4+ 30. Kd3 Nxa5 31. Kc3 Nc6 32. Bc5 Ke8 33.
Bd6 Kf7 34. g4 g6 35. h4 e5 36. f5 gxf5 37. gxf5 Nd4 0-1

[Event "11. Villa de Coria del Rio"]
[Site "Coria del Río ESP"]
[Date "2005.02.13"]
[Round "4"]
[White "Barragan Fuentes, Luis"]
[Black "Tscharotschkin, Michael"]
[Result "0-1"]
[WhiteElo "1836"]
[BlackElo "2202"]
[PlyCount "46"]
[EventDate "2005.02.07"]
[EventType "swiss"]
[EventRounds "9"]
[EventCountry "ESP"]
[Source "lmi"]
[SourceDate "2005.02.18"]

1. e4 d5 2. exd5 Nf6 3. d4 Bg4 4. Qd3 Qxd5 5. Nc3 Qd7 6. f3 Bf5 7. Ne4 Nc6 8.
c3 O-O-O 9. Be3 e5 10. O-O-O exd4 11. Bxd4 Bxe4 12. fxe4 Nxd4 13. Qxd4 Qxd4 14.
Rxd4 Rxd4 15. cxd4 Nxe4 16. Nh3 g6 17. Bd3 Bh6+ 18. Kc2 Nd6 19. Re1 Kd7 20. Ng1
Re8 21. Rxe8 Kxe8 22. Nf3 Ke7 23. g4 Ke6 0-1

[Event "11. Villa de Coria del Rio"]
[Site "Coria del Río ESP"]
[Date "2005.02.13"]
[Round "4"]
[White "Pereira Figueroa, Manuel"]
[Black "Suarez Pozo, Juan Carlos"]
[Result "1-0"]
[WhiteElo "2097"]
[BlackElo "1842"]
[PlyCount "45"]
[EventDate "2005.02.07"]
[EventType "swiss"]
[EventRounds "9"]
[EventCountry "ESP"]
[Source "lmi"]
[SourceDate "2005.02.18"]

1. d4 Nf6 2. c4 e6 3. Nc3 Bb4 4. a3 Bxc3+ 5. bxc3 d6 6. e3 b6 7. Bd3 Bb7 8. f3
Nc6 9. Nh3 Qe7 10. e4 Nd7 11. O-O O-O-O 12. Be3 h6 13. a4 Na5 14. Rb1 f5 15.
Qe2 Ba6 16. c5 Bxd3 17. Qxd3 dxc5 18. Qa6+ Kb8 19. Qxa5 Ka8 20. Qa6 e5 21. d5
Nb8 22. Qb5 Rd6 23. Bxc5 1-0

[Event "11. Villa de Coria del Rio"]
[Site "Coria del Río ESP"]
[Date "2005.02.14"]
[Round "5"]
[White "Teran Alvarez, Ismael"]
[Black "Perez, Rodney"]
[Result "1/2-1/2"]
[WhiteElo "2422"]
[BlackElo "2430"]
[PlyCount "42"]
[EventDate "2005.02.07"]
[EventType "swiss"]
[EventRounds "9"]
[EventCountry "ESP"]
[Source "lmi"]
[SourceDate "2005.02.18"]

1. e4 e6 2. d4 d5 3. Nc3 dxe4 4. Nxe4 Nd7 5. g3 Ngf6 6. Nxf6+ Nxf6 7. Bg2 e5 8.
Qe2 Qxd4 9. Nf3 Qe4 10. Qxe4 Nxe4 11. Nxe5 f5 12. O-O Bc5 13. Nd3 Bb6 14. a4 a5
15. Re1 O-O 16. Be3 Ra6 17. b3 Rd8 18. Bxb6 Rxb6 19. Bxe4 fxe4 20. Rxe4 Bf5 21.
Re3 Rbd6 1/2-1/2

[Event "11. Villa de Coria del Rio"]
[Site "Coria del Río ESP"]
[Date "2005.02.14"]
[Round "5"]
[White "Korneev, Oleg"]
[Black "Komljenovic, Davor"]
[Result "1-0"]
[WhiteElo "2602"]
[BlackElo "2492"]
[PlyCount "97"]
[EventDate "2005.02.07"]
[EventType "swiss"]
[EventRounds "9"]
[EventCountry "ESP"]
[Source "lmi"]
[SourceDate "2005.02.18"]

1. e4 c5 2. Nf3 e6 3. d4 cxd4 4. Nxd4 a6 5. Bd3 Ne7 6. O-O Nbc6 7. Nxc6 Nxc6 8.
f4 b5 9. Kh1 Bb7 10. Nc3 Be7 11. a3 O-O 12. Bd2 b4 13. Ne2 a5 14. Ng3 d6 15.
Qg4 g6 16. Rae1 Bf6 17. Bc1 Bg7 18. f5 Ne5 19. Qh3 Qe7 20. Bh6 f6 21. Bf4 Nxd3
22. cxd3 e5 23. Bh6 Ba6 24. Bxg7 Kxg7 25. Qg4 Qd7 26. axb4 axb4 27. Rf3 Kh8 28.
h4 Rg8 29. Kh2 Bc8 30. h5 Ra5 31. hxg6 Rxg6 32. Qh4 Rg5 33. Nh5 Qf7 34. Rh3 h6
35. Rc1 Rc5 36. Rc4 Qg8 37. Ng3 h5 38. Qxg5 Qxg5 39. Rxh5+ Qxh5+ 40. Nxh5 Rxc4
41. dxc4 Ba6 42. Nxf6 Bxc4 43. g4 Bd3 44. Kg3 Kg7 45. Ne8+ Kf7 46. Nxd6+ Ke7
47. Nc8+ Kd7 48. Nb6+ Kd6 49. Kf3 1-0

[Event "11. Villa de Coria del Rio"]
[Site "Coria del Río ESP"]
[Date "2005.02.14"]
[Round "5"]
[White "Fernandez Quintero, Jose A"]
[Black "Belezky, Sasha"]
[Result "1/2-1/2"]
[WhiteElo "2024"]
[BlackElo "2399"]
[PlyCount "47"]
[EventDate "2005.02.07"]
[EventType "swiss"]
[EventRounds "9"]
[EventCountry "ESP"]
[Source "lmi"]
[SourceDate "2005.02.18"]

1. d4 Nf6 2. c4 e5 3. dxe5 Ng4 4. Bf4 g5 5. Bg3 Bg7 6. Nf3 Nc6 7. h4 h6 8. e3
Ngxe5 9. Nxe5 Nxe5 10. Nc3 d6 11. Be2 Be6 12. Qa4+ Qd7 13. Qb3 Rb8 14. Nb5 a6
15. Nd4 Nc6 16. Nxe6 fxe6 17. hxg5 hxg5 18. Rxh8+ Bxh8 19. Bh5+ Kf8 20. O-O-O
Qg7 21. Rd2 g4 22. Qd1 Na5 23. Qxg4 Qxg4 24. Bxg4 1/2-1/2

[Event "11. Villa de Coria del Rio"]
[Site "Coria del Río ESP"]
[Date "2005.02.14"]
[Round "5"]
[White "Kononenko, Tatiana"]
[Black "Pereira Figueroa, Manuel"]
[Result "1-0"]
[WhiteElo "2374"]
[BlackElo "2097"]
[PlyCount "143"]
[EventDate "2005.02.07"]
[EventType "swiss"]
[EventRounds "9"]
[EventCountry "ESP"]
[Source "lmi"]
[SourceDate "2005.02.18"]

1. d4 d5 2. c4 e6 3. Nc3 c5 4. cxd5 exd5 5. Nf3 Nc6 6. g3 Nf6 7. Bg2 Be7 8. O-O
O-O 9. Bg5 cxd4 10. Nxd4 h6 11. Be3 Re8 12. Rc1 Bf8 13. Na4 Nxd4 14. Bxd4 Bf5
15. Bxf6 Qxf6 16. Bxd5 Rad8 17. Nc3 Bb4 18. Qb3 Bxc3 19. Rxc3 Be4 20. Bxe4 Rxe4
21. Rc2 Qe7 22. Qf3 Re8 23. e3 Re6 24. Rd1 Rd8 25. Kg2 Rxd1 26. Qxd1 Rd6 27.
Rc8+ Kh7 28. Qc2+ g6 29. Qc3 Rd8 30. Rxd8 Qxd8 31. Qb3 Qd7 32. Qc4 b5 33. Qd4
Qb7+ 34. e4 Kg8 35. b4 h5 36. h3 Qc6 37. Qd5 Qb6 38. g4 hxg4 39. hxg4 Kg7 40.
g5 a5 41. a3 axb4 42. axb4 Kf8 43. Kf3 Kg7 44. Qe5+ Kg8 45. Qe8+ Kg7 46. Qd7
Kg8 47. Ke2 Qa6 48. Qd8+ Kh7 49. Qd5 Kg8 50. Qc5 Qa2+ 51. Ke3 Qa6 52. Kf4 Kg7
53. Qd4+ Kg8 54. Qf6 Qa2 55. Qd8+ Kg7 56. Qd4+ Kg8 57. Kg3 Qe6 58. Qd5 Qb6 59.
Kf3 Qa6 60. Qc5 Kg7 61. Kf4 Kg8 62. Ke5 Qe6+ 63. Kd4 Qa6 64. f4 Kh7 65. Qe7
Qb6+ 66. Kd5 Kg8 67. f5 gxf5 68. exf5 Qf2 69. Qd8+ Kh7 70. Qf6 Qd2+ 71. Kc5 Qd3
72. Qxf7+ 1-0

[Event "11. Villa de Coria del Rio"]
[Site "Coria del Río ESP"]
[Date "2005.02.14"]
[Round "5"]
[White "Barrero Garcia, Carlos"]
[Black "Caballero Garcia, Lucas"]
[Result "1/2-1/2"]
[WhiteElo "2292"]
[BlackElo "1949"]
[PlyCount "112"]
[EventDate "2005.02.07"]
[EventType "swiss"]
[EventRounds "9"]
[EventCountry "ESP"]
[Source "lmi"]
[SourceDate "2005.02.18"]

1. d4 Nf6 2. c4 g6 3. Nc3 d5 4. cxd5 Nxd5 5. e4 Nxc3 6. bxc3 Bg7 7. Nf3 O-O 8.
Be2 c5 9. Rb1 Nc6 10. d5 Bxc3+ 11. Bd2 Bxd2+ 12. Qxd2 Nd4 13. Nxd4 cxd4 14.
Qxd4 Qa5+ 15. Qd2 Qxd2+ 16. Kxd2 Rd8 17. Ke3 e6 18. dxe6 Bxe6 19. Rxb7 Bxa2 20.
Ra1 Be6 21. Raxa7 Rxa7 22. Rxa7 Rd7 23. Rxd7 Bxd7 24. Kd4 Kf8 25. f4 Ke7 26. g4
h6 27. h4 f6 28. g5 fxg5 29. hxg5 hxg5 30. fxg5 Ba4 31. Bc4 Bd7 32. Bb3 Be8 33.
Kc5 Bd7 34. Bg8 Ba4 35. e5 Bd7 36. Bd5 Ba4 37. Be4 Be8 38. Bd3 Ke6 39. Kd4 Ke7
40. Be2 Ke6 41. Bg4+ Ke7 42. Kd5 Ba4 43. Be2 Bc6+ 44. Kd4 Ke6 45. Bc4+ Ke7 46.
Bb3 Bb5 47. Kd5 Bd7 48. Kc5 Bf5 49. Bd5 Bd7 50. Bg8 Ba4 51. Bc4 Bd7 52. Kd5
Be6+ 53. Kd4 Bd7 54. Bd5 Ba4 55. e6 Bc2 56. Ke5 Bb1 1/2-1/2

[Event "11. Villa de Coria del Rio"]
[Site "Coria del Río ESP"]
[Date "2005.02.14"]
[Round "5"]
[White "Tscharotschkin, Michael"]
[Black "De Bordons Alba, Cesar"]
[Result "1-0"]
[WhiteElo "2202"]
[BlackElo "1946"]
[PlyCount "118"]
[EventDate "2005.02.07"]
[EventType "swiss"]
[EventRounds "9"]
[EventCountry "ESP"]
[Source "lmi"]
[SourceDate "2005.02.18"]

1. e4 c6 2. d4 d5 3. exd5 cxd5 4. c4 Nf6 5. Nc3 e6 6. Nf3 Be7 7. Bd3 O-O 8. O-O
Nbd7 9. cxd5 Nxd5 10. Nxd5 exd5 11. Bf4 Nf6 12. Ne5 Be6 13. Rc1 Qb6 14. Qa4
Rac8 15. b3 a6 16. Bd2 Qd6 17. Rxc8 Rxc8 18. Rc1 Rxc1+ 19. Bxc1 Qb4 20. Qxb4
Bxb4 21. Bb2 Nd7 22. Kf1 f6 23. Nf3 g6 24. h3 Kf7 25. Ke2 Ke7 26. Ne1 f5 27.
Nc2 Bd6 28. Bc1 Kf6 29. h4 f4 30. Kf3 Bf5 31. Ne1 g5 32. hxg5+ Kxg5 33. Bxf5
Kxf5 34. Nd3 Nf6 35. Bxf4 Be7 36. Be5 Ne4 37. g4+ Kg5 38. Bf4+ Kf6 39. Bc1 Nc3
40. a4 b5 41. axb5 Nxb5 42. Bb2 Bd6 43. Ke3 Kg5 44. f3 h5 45. gxh5 Kxh5 46.
Nf4+ Kg5 47. Nxd5 Kf5 48. Kd3 Bf8 49. Bc1 Ke6 50. Nc3 Nc7 51. Bf4 Ne8 52. Be5
Nd6 53. Bxd6 Bxd6 54. Ke4 Bb4 55. Nd5 Bd6 56. f4 a5 57. f5+ Kf7 58. Kd3 Bg3 59.
Nc3 Kf6 1-0

[Event "11. Villa de Coria del Rio"]
[Site "Coria del Río ESP"]
[Date "2005.02.14"]
[Round "5"]
[White "Portalo Ordonez, Luis"]
[Black "Morillo-Velarde Gallego, Antonio"]
[Result "0-1"]
[WhiteElo "1860"]
[BlackElo "2109"]
[PlyCount "72"]
[EventDate "2005.02.07"]
[EventType "swiss"]
[EventRounds "9"]
[EventCountry "ESP"]
[Source "lmi"]
[SourceDate "2005.02.18"]

1. d4 Nf6 2. c4 g6 3. Nc3 d5 4. cxd5 Nxd5 5. e4 Nxc3 6. bxc3 Bg7 7. Bc4 c5 8.
Ne2 Nc6 9. Be3 cxd4 10. cxd4 Qa5+ 11. Bd2 Qb6 12. Rb1 Qd8 13. Bc3 O-O 14. h4
Qc7 15. Qd3 Rd8 16. Bxf7+ Kxf7 17. Qc4+ e6 18. d5 Bxc3+ 19. Nxc3 exd5 20. Nxd5
Qa5+ 21. Nc3+ Kg7 22. Rb5 Qa3 23. O-O Rd4 24. Qc5 Qxc5 25. Rxc5 Be6 26. Rb1 Rd7
27. f4 Nd4 28. Rb2 b6 29. Re5 Kf6 30. Rg5 h6 31. Rg3 Rc8 32. h5 gxh5 33. Kf2
Rdc7 34. Rd2 Rxc3 35. Rxc3 Rxc3 36. Rxd4 Rc4 0-1

[Event "11. Villa de Coria del Rio"]
[Site "Coria del Río ESP"]
[Date "2005.02.15"]
[Round "6"]
[White "Cheparinov, Ivan"]
[Black "Korneev, Oleg"]
[Result "1/2-1/2"]
[WhiteElo "2572"]
[BlackElo "2602"]
[PlyCount "47"]
[EventDate "2005.02.07"]
[EventType "swiss"]
[EventRounds "9"]
[EventCountry "ESP"]
[Source "lmi"]
[SourceDate "2005.02.18"]

1. e4 e5 2. Nf3 Nf6 3. Nxe5 d6 4. Nf3 Nxe4 5. d4 d5 6. Bd3 Nc6 7. O-O Be7 8.
Re1 Bg4 9. c3 f5 10. Qb3 O-O 11. Nbd2 Na5 12. Qc2 Nc6 13. Qb3 Na5 14. Qc2 Nc6
15. b4 a6 16. a4 Bd6 17. Ba3 Kh8 18. b5 axb5 19. Bxd6 cxd6 20. Bxb5 Na5 21.
Rac1 Rc8 22. Qb2 Bh5 23. Qb4 h6 24. Bd3 1/2-1/2

[Event "11. Villa de Coria del Rio"]
[Site "Coria del Río ESP"]
[Date "2005.02.15"]
[Round "6"]
[White "Ivanov, Jordan"]
[Black "Matamoros Franco, Carlos S"]
[Result "1-0"]
[WhiteElo "2354"]
[BlackElo "2522"]
[PlyCount "87"]
[EventDate "2005.02.07"]
[EventType "swiss"]
[EventRounds "9"]
[EventCountry "ESP"]
[Source "lmi"]
[SourceDate "2005.02.18"]

1. d4 Nf6 2. c4 g6 3. Nc3 Bg7 4. e4 d6 5. Bd3 O-O 6. Nge2 c5 7. d5 e6 8. O-O
Ng4 9. Nf4 e5 10. Nfe2 f5 11. f3 Nh6 12. exf5 gxf5 13. Be3 Kh8 14. Qd2 f4 15.
Bf2 Nf5 16. Bxf5 Bxf5 17. Ne4 Rg8 18. N2c3 Bf8 19. Kh1 Nd7 20. Qe2 Be7 21. Rg1
Nf8 22. Nxc5 Rg6 23. N5e4 Rh6 24. g4 fxg3 25. Bxg3 Ng6 26. Qe3 Rh5 27. f4 exf4
28. Bxf4 Rh3 29. Qd4+ Kg8 30. Bg5 Rc8 31. Raf1 Rxc3 32. Nxc3 Bxg5 33. Rxf5 Bh6
34. Ne4 Bg7 35. Nf6+ Bxf6 36. Rxf6 Qe7 37. h4 Rf8 38. Rxf8+ Kxf8 39. h5 Ne5 40.
Qf4+ Ke8 41. Rg8+ Kd7 42. Qf5+ Kc7 43. Qc8+ Kb6 44. Qd8+ 1-0

[Event "11. Villa de Coria del Rio"]
[Site "Coria del Río ESP"]
[Date "2005.02.15"]
[Round "6"]
[White "Perez, Rodney"]
[Black "Barria, Daniel"]
[Result "1/2-1/2"]
[WhiteElo "2430"]
[BlackElo "2349"]
[PlyCount "23"]
[EventDate "2005.02.07"]
[EventType "swiss"]
[EventRounds "9"]
[EventCountry "ESP"]
[Source "lmi"]
[SourceDate "2005.02.18"]

1. e4 e6 2. d4 d5 3. Nc3 Bb4 4. e5 c5 5. Bd2 Ne7 6. Nce2 Bxd2+ 7. Qxd2 Nbc6 8.
f4 Qb6 9. O-O-O O-O 10. Nf3 Bd7 11. dxc5 Qxc5 12. Ned4 1/2-1/2

[Event "11. Villa de Coria del Rio"]
[Site "Coria del Río ESP"]
[Date "2005.02.15"]
[Round "6"]
[White "Razmyslov, Alexander"]
[Black "Teran Alvarez, Ismael"]
[Result "0-1"]
[WhiteElo "2307"]
[BlackElo "2422"]
[PlyCount "72"]
[EventDate "2005.02.07"]
[EventType "swiss"]
[EventRounds "9"]
[EventCountry "ESP"]
[Source "lmi"]
[SourceDate "2005.02.18"]

1. e4 c5 2. Nf3 d6 3. Nc3 Nf6 4. d4 cxd4 5. Nxd4 a6 6. f4 e5 7. Nf3 Qc7 8. a4
b6 9. Qd3 Nbd7 10. Qc4 Qb7 11. Qa2 Nc5 12. Bc4 Be6 13. Nd5 Be7 14. O-O Bxd5 15.
Bxd5 Nxd5 16. exd5 e4 17. Ng5 a5 18. Be3 Bxg5 19. fxg5 O-O 20. Qc4 Rae8 21.
Rad1 Qd7 22. b3 Re5 23. Rd2 Rf5 24. Bxc5 Rxf1+ 25. Kxf1 bxc5 26. Qxe4 Re8 27.
Qf3 Re5 28. Re2 Rxg5 29. Ke1 g6 30. Qc3 Qd8 31. Rd2 Re5+ 32. Kd1 Qf6 33. Qf3
Rf5 34. Qg3 Qa1+ 35. Ke2 Qf1+ 36. Ke3 Re5+ 0-1

[Event "11. Villa de Coria del Rio"]
[Site "Coria del Río ESP"]
[Date "2005.02.15"]
[Round "6"]
[White "Morillo-Velarde Gallego, Antonio"]
[Black "Barrero Garcia, Carlos"]
[Result "0-1"]
[WhiteElo "2109"]
[BlackElo "2292"]
[PlyCount "38"]
[EventDate "2005.02.07"]
[EventType "swiss"]
[EventRounds "9"]
[EventCountry "ESP"]
[Source "lmi"]
[SourceDate "2005.02.18"]

1. e4 c6 2. d4 d5 3. exd5 cxd5 4. c4 Nf6 5. Nc3 Nc6 6. cxd5 Nxd5 7. Nf3 Bg4 8.
Be2 e6 9. a3 Be7 10. O-O O-O 11. h3 Bh5 12. Nxd5 Qxd5 13. Be3 Rfd8 14. Rc1 Bf6
15. g4 Bg6 16. Bc4 Qd6 17. Qd2 Nxd4 18. Bxd4 Bxd4 19. Rfd1 Qg3+ 0-1

[Event "11. Villa de Coria del Rio"]
[Site "Coria del Río ESP"]
[Date "2005.02.15"]
[Round "6"]
[White "Pallares, Salvador"]
[Black "Fernandez Quintero, Jose A"]
[Result "1/2-1/2"]
[WhiteElo "1579"]
[BlackElo "2024"]
[PlyCount "60"]
[EventDate "2005.02.07"]
[EventType "swiss"]
[EventRounds "9"]
[EventCountry "ESP"]
[Source "lmi"]
[SourceDate "2005.02.18"]

1. d4 d5 2. c4 c6 3. Nc3 Nf6 4. Nf3 dxc4 5. a4 Bf5 6. e3 e6 7. Bxc4 Bb4 8. O-O
Nbd7 9. Qe2 O-O 10. Rd1 Bxc3 11. bxc3 Qa5 12. Ba3 Rfe8 13. Bb4 Qc7 14. Nh4 c5
15. Nxf5 cxb4 16. Ng3 Rac8 17. Bd3 Qxc3 18. a5 b3 19. Qd2 Qxd2 20. Rxd2 Rc3 21.
Ne2 b2 22. Rb1 Ra3 23. Rbxb2 Rxa5 24. Rxb7 Ra1+ 25. Rb1 Rxb1+ 26. Bxb1 a5 27.
Ra2 Ra8 28. e4 Nb6 29. Bd3 Kf8 30. f3 Ke7 1/2-1/2

[Event "11. Villa de Coria del Rio"]
[Site "Coria del Río ESP"]
[Date "2005.02.15"]
[Round "6"]
[White "Fernandez Lumbreras, Miguel A"]
[Black "Carrabeo Garcia, Manuel"]
[Result "1-0"]
[WhiteElo "1794"]
[BlackElo "2108"]
[PlyCount "69"]
[EventDate "2005.02.07"]
[EventType "swiss"]
[EventRounds "9"]
[EventCountry "ESP"]
[Source "lmi"]
[SourceDate "2005.02.18"]

1. Nf3 Nf6 2. g3 d5 3. d4 Bf5 4. Bg2 Nc6 5. c4 e6 6. a3 Be7 7. O-O Ne4 8. Qb3
a6 9. cxd5 exd5 10. Nc3 Nxc3 11. Qxc3 Be4 12. Bf4 g5 13. Be3 h5 14. Rac1 f6 15.
Nd2 Bxg2 16. Kxg2 h4 17. Qd3 Rh6 18. Nf3 Qd7 19. Nxh4 Qg4 20. Qf5 Qh5 21. Nf3
Rd8 22. h4 Bd6 23. g4 Qf7 24. Rxc6 bxc6 25. hxg5 fxg5 26. Qxf7+ Kxf7 27. Bxg5
Rdh8 28. Bxh6 Rxh6 29. Rh1 Rg6 30. g5 Bf4 31. Rh5 Ke8 32. e3 Bd6 33. Rh8+ Bf8
34. Kh3 Re6 35. Kg4 1-0

[Event "11. Villa de Coria del Rio"]
[Site "Coria del Río ESP"]
[Date "2005.02.16"]
[Round "7"]
[White "Campora, Daniel H"]
[Black "Belezky, Sasha"]
[Result "1/2-1/2"]
[WhiteElo "2529"]
[BlackElo "2399"]
[PlyCount "112"]
[EventDate "2005.02.07"]
[EventType "swiss"]
[EventRounds "9"]
[EventCountry "ESP"]
[Source "lmi"]
[SourceDate "2005.02.18"]

1. e4 c5 2. Nf3 d6 3. d4 cxd4 4. Nxd4 Nf6 5. Nc3 g6 6. Be3 Bg7 7. f3 Nc6 8. Qd2
O-O 9. O-O-O Nxd4 10. Bxd4 Be6 11. Kb1 Qc7 12. g4 Rfc8 13. h4 Qa5 14. a3 Rab8
15. Be2 b5 16. Bxf6 Bxf6 17. Nd5 Qxd2 18. Nxf6+ Kg7 19. Rxd2 Kxf6 20. f4 h6 21.
g5+ hxg5 22. hxg5+ Kg7 23. Bd3 Rh8 24. Rxh8 Rxh8 25. b3 Bd7 26. Kb2 Rh4 27. Rf2
Bc6 28. Kc3 e5 29. fxe5 dxe5 30. Kb4 Bxe4 31. Bxe4 Rxe4+ 32. Kxb5 Rg4 33. c4
Rxg5 34. c5 e4 35. Kc4 Re5 36. Kd4 Re7 37. c6 f5 38. Rc2 e3 39. Kd3 f4 40. Ke2
Rc7 41. b4 Kf6 42. b5 Ke5 43. Rc5+ Kd4 44. Rc1 g5 45. Kf3 Kd3 46. Rd1+ Kc4 47.
a4 a6 48. Rb1 axb5 49. axb5 g4+ 50. Kxf4 e2 51. b6 Rxc6 52. b7 Rf6+ 53. Ke3
Re6+ 54. Kd2 Re8 55. Ke1 Rb8 56. Kxe2 Kc5 1/2-1/2

[Event "11. Villa de Coria del Rio"]
[Site "Coria del Río ESP"]
[Date "2005.02.16"]
[Round "7"]
[White "Barrero Garcia, Carlos"]
[Black "Perez, Rodney"]
[Result "1/2-1/2"]
[WhiteElo "2292"]
[BlackElo "2430"]
[PlyCount "24"]
[EventDate "2005.02.07"]
[EventType "swiss"]
[EventRounds "9"]
[EventCountry "ESP"]
[Source "lmi"]
[SourceDate "2005.02.18"]

1. e4 e6 2. d4 d5 3. e5 c5 4. c3 Qb6 5. Nf3 Bd7 6. Be2 Bb5 7. dxc5 Bxc5 8. b4
Bf8 9. Be3 Bxe2 10. Qxe2 Qc7 11. O-O Nd7 12. Bd4 Ne7 1/2-1/2

[Event "11. Villa de Coria del Rio"]
[Site "Coria del Río ESP"]
[Date "2005.02.16"]
[Round "7"]
[White "Barria, Daniel"]
[Black "Kononenko, Tatiana"]
[Result "1/2-1/2"]
[WhiteElo "2349"]
[BlackElo "2372"]
[PlyCount "37"]
[EventDate "2005.02.07"]
[EventType "swiss"]
[EventRounds "9"]
[EventCountry "ESP"]
[Source "lmi"]
[SourceDate "2005.02.18"]

1. d4 d5 2. c4 c6 3. Nf3 Nf6 4. Nc3 dxc4 5. a4 Bf5 6. Ne5 Nbd7 7. Nxc4 Nb6 8.
Ne5 a5 9. f3 Nfd7 10. Nxd7 Nxd7 11. e4 Bg6 12. Qb3 e5 13. Be3 Bb4 14. O-O-O
exd4 15. Bxd4 O-O 16. h4 h6 17. g4 Qc7 18. Kb1 Nc5 19. Qc4 1/2-1/2